=LDR 00000nam 2200000 4500 =001 INLIS000000000810351 =005 20251129105041 =035 ##$$a 0010-1125000205 =100 ##$$a Sholihun =245 1#$$a Qiblati Jangan sibuk mengkafirkan orang : $b Majalah Islam /$c Agus Hasan Bashori,Lc.,M.Ag =250 ##$$a CET.2 =260 ##$$a Malang : :$b CV Media Citra Qiblati,$c 2007 =300 ##$$a 102 hlm : $b Ilustrasi ; $c 24 cm =500 ##$$a Majalah Islam =007 ta =008 251129###########################0#ind## =020 ##$$a 9771907003944 =082 ##$$a 297.05 =084 ##$$a 297.05 HAS q